Kevin Bacon Movies Quiz Stats

 Plays Quiz Updated Jan 4, 2021

Support Sporcle.
Go Orange.
Score 0/59 Timer 15:00
0 Plays Today
Year Movie Title % Correct
1984Footloose
87.8%
1992A Few Good Men
56.6%
2000Hollow Man
48%
1995Apollo 13
44.4%
1978Animal House
41.5%
1990Tremors
41.4%
2003Mystic River
39.5%
1996Sleepers
35.2%
1998Wild Things
31.9%
1994The River Wild
30.1%
1990Flatliners
29.7%
1991JFK
27.7%
1999Stir of Echoes
24.9%
1980Friday the 13th
23.3%
1988She's Having a Baby
22.7%
2015Cop Car
19.3%
1995Murder in the First
18.7%
2004The Woodsman
18.6%
2016Patriots Day
17.9%
2011X-Men First Class
17.3%
2013R.I.P.D.
17%
1982Diner
16.5%
1994The Air Up There
16.4%
1991He Said, She Said
15.3%
2015Black Mass
15%
1986Quicksilver
14.3%
2020You Should Have Left
13.6%
1997Picture Perfect
13.2%
2007Death Sentence
12.9%
2016The Darkness
12.2%
Year Movie Title % Correct
2008Frost/Nixon
11.9%
2000My Dog Skip
9.9%
2005Beauty Shop
9.3%
2011Crazy, Stupid, Love.
9.2%
1987White Water Summer
7.9%
1995Balto
7.8%
2012Jayne Mansfield's Car
7.8%
2009Taking Chance
7.3%
2002Trapped
7.1%
1989The Big Picture
6.8%
2005Loverboy
5.6%
2005Where the Truth Lies
5.5%
1991Pyrates
5.1%
1998Digging to China
5.1%
2007The Air I Breathe
5.1%
1988Criminal Law
5%
1997Telling Lies in America
5%
1991Queens Logic
5%
2011Super
4.9%
2007Rails & Ties
4.7%
2003In the Cut
4.6%
1981Only When I Laugh
4.1%
1982Forty Deuce
3.8%
2009My One and Only
3.5%
1987End of the Line
3.5%
1997Destination Anywhere
3.5%
2007Saving Angelo
3.3%
1983Enormous Changes at the Last Minute
3.3%
2011Elephant White
3.1%

From the Vault

March Madness by the Numbers

by needapausebutton

Sports 9m
The odds of creating a perfect bracket are 1 in 9.2 quintillion. Now that's a number.
Remove Ads.
Support Sporcle.
Get the best of Sporcle when you Go Orange. This ad-free experience offers more features, more stats, and more fun while also helping to support Sporcle. Thank you for becoming a member.

Show Comments

Extras

Top Quizzes Today


Score Distribution

Your Account Isn't Verified!

In order to create a playlist on Sporcle, you need to verify the email address you used during registration. Go to your Sporcle Settings to finish the process.

Report this User

Report this user for behavior that violates our Community Guidelines.

Details: